| 000 | 00359nam a2200109Ia 4500 | ||
|---|---|---|---|
| 008 | 171212s9999 xx 000 0 und d | ||
| 100 | _aGlenn, Russell W. | ||
| 245 |
_cGlenn, Russell W. _aAll Glory Is Fleeting _bInsights from the Second Lebanon War |
||
| 260 |
_bRAND Corporation _c2012 |
||
| 650 | _aHistory | ||
| 856 | _uwww.jstor.org/stable/10.7249/j.ctt3fh003 | ||
| 999 |
_c351701 _d351701 |
||